| 000 | 00376nam a2200145Ia 4500 | ||
|---|---|---|---|
| 005 | 20240823064541.0 | ||
| 008 | 240823s9999||||xx |||||||||||||| ||und|| | ||
| 082 | _A005.133 P6 | ||
| 100 | _a"Kruglinski,David J [et al]" | ||
| 245 | 0 | _aProgramming Visual C++ | |
| 260 |
_c2006 _b"WP,Ban" _aBanglore |
||
| 500 | _aYES | ||
| 650 |
_aVisual C++ _bComputer Science |
||
| 942 | _cNB | ||
| 999 |
_c240986 _d240986 |
||